LEADER 02135nam 2200601 a 450 001 9910465098203321 005 20200520144314.0 010 $a1-299-31693-X 010 $a1-58983-734-7 035 $a(CKB)2560000000100684 035 $a(EBL)3118272 035 $a(SSID)ssj0001101490 035 $a(PQKBManifestationID)11604382 035 $a(PQKBTitleCode)TC0001101490 035 $a(PQKBWorkID)11066957 035 $a(PQKB)11273300 035 $a(MiAaPQ)EBC3118272 035 $a(Au-PeEL)EBL3118272 035 $a(CaPaEBR)ebr10676861 035 $a(CaONFJC)MIL462943 035 $a(OCoLC)922967887 035 $a(EXLCZ)992560000000100684 100 $a20130402d2012 uy 0 101 0 $aeng 135 $aur|n|---||||| 181 $ctxt 182 $cc 183 $acr 200 04$aThe studia Philonica annual$b[electronic resource] $estudies in Hellenistic Judaism /$feditors, David T. Runia, Gregory E. Sterling ; associate editor, Sarah J.K. Pearce ; book review editor, Ronald Cox. Volume XXIV, 2012 210 $aAtlanta $cSociety of Biblical Literature$dc2012 215 $a1 online resource (306 p.) 225 0 $aStudia Philonica annual : studies in Hellenistic Judaism,$x1052-4533 ;$vv. 24, 2012 300 $aDescription based upon print version of record. 311 $a1-58983-697-9 320 $aIncludes bibliographical references. 327 $aArticles -- Special section : Philo and Roman imperial power -- Bibliography section -- Book review section. 606 $aJews$xCivilization$xGreek influences 606 $aJudaism$xHistory$yPost-exilic period, 586 B.C.-210 A.D 608 $aElectronic books. 615 0$aJews$xCivilization$xGreek influences. 615 0$aJudaism$xHistory 676 $a296.09014 701 $aRunia$b David T$0152904 701 $aSterling$b Gregory E$0181426 701 $aPearce$b Sarah J. K$0936604 701 $aCox$b Ronald$0936605 801 0$bMiAaPQ 801 1$bMiAaPQ 801 2$bMiAaPQ 906 $aBOOK 912 $a9910465098203321 996 $aThe studia Philonica annual$92109688 997 $aUNINA LEADER 01135nam a2200313 i 4500 001 991000934139707536 005 20020507180121.0 008 981127s1973 de ||| | eng 020 $a3540061371 035 $ab10777775-39ule_inst 035 $aLE01304524$9ExL 040 $aDip.to Matematica$beng 082 0 $a516.35 084 $aAMS 14E20 100 1 $aIversen, Birger$057633 245 10$aGeneric local structure of the morphisms in commutative algebra /$cBirger Iversen 260 $aBerlin ; New York :$bSpringer-Verlag,$c1973 300 $aiv, 108 p. ;$c26 cm 490 0 $aLecture notes in mathematics,$x0075-8434 ;$v310 500 $aBibliography: p. 103-105 650 0$aAlgebraic varieties 650 0$aCommutative algebra 650 0$aMappings 907 $a.b10777775$b23-02-17$c28-06-02 912 $a991000934139707536 945 $aLE013 14E IVE11 (1973)$g1$i2013000104867$lle013$o-$pE0.00$q-$rl$s- $t0$u0$v0$w0$x0$y.i10876844$z28-06-02 996 $aGeneric local structure of the morphisms in commutative algebra$981501 997 $aUNISALENTO 998 $ale013$b01-01-98$cm$da $e-$feng$gde $h0$i1